[Event "Lethbridge  op"]
[Site "Lethbridge CAN"]
[Date "2012.04.15"]
[Round "4"]
[White "Davies, Jack"]
[Black "Paul, Viminitz"]
[Result "0-1"]
[WhiteElo "1624"]
[BlackElo "1497"]
[PlyCount "64"]
[GameId "2160767909509660"]
[EventDate "2012.04.14"]
[EventType "swiss"]
[EventRounds "5"]
[EventCountry "CAN"]

1. e4 d6 2. d4 Nf6 3. Nc3 g6 4. f3 Bg7 5. Be3 b6 6. Qd2 Bb7 7. O-O-O Nbd7 8. Bh6 O-O 9. g4 e6 10. h4 Ne8 11. h5 Qf6 12. Bxg7 Qxg7 13. hxg6 fxg6 14. f4 Nef6 15. f5 Nxe4 16. Nxe4 Bxe4 17. Rh6 exf5 18. gxf5 Rxf5 19. Bh3 Rh5 20. Rxh5 gxh5 21. Qe3 Nf6 22. Ne2 Re8 23. Rg1 Bg6 24. Qf2 Qe7 25. Kd1 Qe3 26. Rxg6+ hxg6 27. Qxe3 Rxe3 28. Nf4 Kf7 29. Kd2 Re7 30. c4 g5 31. Nd3 g4 32. Bg2 h4 0-1

[Event "Lethbridge  op"]
[Site "Lethbridge CAN"]
[Date "2012.04.15"]
[Round "4"]
[White "Dunn, Garth"]
[Black "Sequillion, Aaron"]
[Result "0-1"]
[WhiteElo "1721"]
[BlackElo "2016"]
[PlyCount "53"]
[GameId "2160767909509662"]
[EventDate "2012.04.14"]
[EventType "swiss"]
[EventRounds "5"]
[EventCountry "CAN"]

1. e4 e6 2. d4 d5 3. e5 c5 4. c3 Nc6 5. Nf3 Qb6 6. Bb5 Qxb5 7. Na3 Qa5 8. O-O cxd4 9. b4 Qb6 10. cxd4 Bxb4 11. Rb1 Qa5 12. Nc2 Be7 13. Nd2 Nh6 14. Nb3 Qa6 15. Bxh6 gxh6 16. Qg4 Kf8 17. f4 Rg8 18. Qh5 Rg6 19. Ne3 f5 20. exf6 Bxf6 21. f5 exf5 22. Nxf5 Bxf5 23. Rxf5 Ne7 24. Rf3 Kg8 25. Rbf1 Bg7 26. Qh4 Nc6 27. Qf2 0-1

[Event "Lethbridge  op"]
[Site "Lethbridge CAN"]
[Date "2012.04.15"]
[Round "4"]
[White "Yearwood, Roy"]
[Black "Rekhson, Vladislav"]
[Result "0-1"]
[WhiteElo "2118"]
[BlackElo "2043"]
[PlyCount "124"]
[GameId "2160767909509665"]
[EventDate "2012.04.14"]
[EventType "swiss"]
[EventRounds "5"]
[EventCountry "CAN"]

1. e4 c5 2. Nc3 Nc6 3. f4 d6 4. Nf3 g6 5. Bb5 Bd7 6. Bxc6 Bxc6 7. d4 cxd4 8. Qxd4 Nf6 9. O-O Bg7 10. Qd3 O-O 11. Be3 Ng4 12. Bd4 e5 13. fxe5 Nxe5 14. Bxe5 dxe5 15. Qxd8 Raxd8 16. Rad1 f5 17. Ng5 Bh6 18. Ne6 Rxd1 19. Rxd1 Rf6 20. exf5 gxf5 21. Nd8 Be3+ 22. Kf1 Bd4 23. Nxc6 Rxc6 24. Rd3 Kf7 25. Rh3 h6 26. Ke2 Rg6 27. g3 Ra6 28. Kd3 Kg6 29. b3 Bxc3 30. Kxc3 Rxa2 31. Rh4 e4 32. Rf4 h5 33. Rf1 Ra6 34. Kd4 Rd6+ 35. Ke3 Kf6 36. Ra1 a6 37. Re1 Ke5 38. Re2 Rc6 39. Rd2 h4 40. c4 hxg3 41. Rd5+ Kf6 42. hxg3 Kg5 43. c5 b6 44. b4 bxc5 45. bxc5 a5 46. Kd4 a4 47. Rd8 Ra6 48. Rg8+ Kf6 49. Rf8+ Ke6 50. Rh8 Kd7 51. Kd5 Rg6 52. Rh7+ Kc8 53. Rh8+ Kb7 54. Rf8 a3 55. Rf7+ Ka6 56. Rxf5 e3 57. Rf1 e2 58. Re1 a2 59. c6 Kb6 60. Rc1 Kc7 61. Rh1 Rxc6 62. Ra1 Rb6 0-1

[Event "Lethbridge  op"]
[Site "Lethbridge CAN"]
[Date "2012.04.15"]
[Round "5"]
[White "Rekhson, Vladislav"]
[Black "Sequillion, Aaron"]
[Result "1-0"]
[WhiteElo "2043"]
[BlackElo "2016"]
[PlyCount "47"]
[GameId "2160767909509667"]
[EventDate "2012.04.14"]
[EventType "swiss"]
[EventRounds "5"]
[EventCountry "CAN"]

1. e4 c5 2. c3 Nf6 3. e5 Nd5 4. d4 cxd4 5. Nf3 e6 6. cxd4 d6 7. exd6 Bxd6 8. Nc3 Nd7 9. Bd3 h6 10. O-O N7f6 11. Re1 a6 12. Ne5 b5 13. Qf3 Bb7 14. Qg3 g5 15. Qh3 Nxc3 16. bxc3 Qe7 17. Bxg5 O-O-O 18. Bh4 Rdg8 19. Bf1 h5 20. Nxf7 Qxf7 21. Bxf6 Qxf6 22. Rxe6 Bxh2+ 23. Kh1 Qg7 24. Re7+ 1-0

[Event "Lethbridge  op"]
[Site "Lethbridge CAN"]
[Date "2012.04.15"]
[Round "5"]
[White "Steele, Len"]
[Black "Yearwood, Roy"]
[Result "0-1"]
[WhiteElo "1738"]
[BlackElo "2118"]
[PlyCount "62"]
[GameId "2160767909509668"]
[EventDate "2012.04.14"]
[EventType "swiss"]
[EventRounds "5"]
[EventCountry "CAN"]

1. e4 c6 2. b3 d5 3. exd5 cxd5 4. Bb2 Nf6 5. Nf3 Nc6 6. Be2 Bf5 7. d3 e6 8. O-O Bd6 9. Re1 Qc7 10. h3 h6 11. Nbd2 O-O 12. Rc1 e5 13. c4 d4 14. a3 a5 15. Bf1 Nd7 16. Ne4 Bxe4 17. dxe4 Nc5 18. Bd3 Kh8 19. Re2 Qe7 20. Ra1 Ne6 21. g3 g5 22. Ne1 Rg8 23. Ng2 Rg6 24. Re1 Nc5 25. Kh2 Rag8 26. Bc1 Qc7 27. Rb1 Rf6 28. Rf1 Qe7 29. Ra1 Qe6 30. f3 h5 31. Rb1 Qe7 0-1

[Event "Lethbridge  op"]
[Site "Lethbridge CAN"]
[Date "2012.04.15"]
[Round "5"]
[White "Viau, Ferni"]
[Black "Davies, Jack"]
[Result "0-1"]
[WhiteElo "1427"]
[BlackElo "1624"]
[PlyCount "78"]
[GameId "2160767909509669"]
[EventDate "2012.04.14"]
[EventType "swiss"]
[EventRounds "5"]
[EventCountry "CAN"]

1. e4 c5 2. g3 d5 3. Bg2 dxe4 4. Nc3 Nf6 5. Nxe4 Nxe4 6. Bxe4 e5 7. Qf3 Qc7 8. Ne2 Nd7 9. O-O Nf6 10. d3 Bd6 11. Bg5 Nxe4 12. dxe4 O-O 13. Nc3 Be6 14. Rfd1 a6 15. Nd5 Bxd5 16. Rxd5 f6 17. Bh4 g5 18. Qg4 Kh8 19. Bxg5 fxg5 20. Qe6 Qf7 21. Qxd6 Qxf2+ 22. Kh1 Qf3+ 23. Kg1 Qe3+ 24. Kh1 Qxe4+ 25. Kg1 Qe3+ 26. Kh1 Rf5 27. Rd2 Raf8 28. Qd5 e4 29. Qd6 Qf3+ 30. Rg2 e3 31. Qd3 Rd5 32. Qe2 Qe4 33. Rag1 Rd2 34. Qe1 Rff2 35. Qxf2 exf2 36. Rf1 Re2 37. h3 Re1 38. Rxe1 fxe1=Q+ 39. Kh2 Qf1 0-1

[Event "Lethbridge  op"]
[Site "Lethbridge CAN"]
[Date "2012.04.15"]
[Round "5"]
[White "Viminitz, Paul"]
[Black "Dunn, Garth"]
[Result "0-1"]
[WhiteElo "1497"]
[BlackElo "1721"]
[PlyCount "62"]
[GameId "2160767909509670"]
[EventDate "2012.04.14"]
[EventType "swiss"]
[EventRounds "5"]
[EventCountry "CAN"]

1. Nf3 d5 2. g3 c5 3. Bg2 Nf6 4. b3 e6 5. Bb2 Nbd7 6. d3 Bd6 7. Nbd2 O-O 8. O-O b6 9. c4 Bb7 10. cxd5 exd5 11. Qc2 Rc8 12. Rfe1 Re8 13. e4 d4 14. Nc4 Bb8 15. Re2 b5 16. Ncd2 Ng4 17. Nf1 c4 18. Bxd4 cxd3 19. Qxd3 Nc5 20. Qxb5 Ba6 21. Qb4 Bxe2 22. Bxc5 Bxf3 23. Bxf3 Ne5 24. Be2 a5 25. Qd4 Qf6 26. f4 Rxc5 27. Qxc5 Nf3+ 28. Bxf3 Qxa1 29. Qxa5 Qd4+ 30. Kg2 Ba7 31. Qe1 Re6 0-1

[Event "Manitoba Tournament of Champions"]
[Site "Winnipeg CAN"]
[Date "2012.11.06"]
[Round "1"]
[White "Babb, Jeff"]
[Black "Wasserman, Leor"]
[Result "1-0"]
[WhiteElo "2213"]
[BlackElo "1970"]
[PlyCount "69"]
[GameId "2160767909411514"]
[EventDate "2012.11.06"]
[EventType "swiss"]
[EventRounds "5"]
[EventCountry "CAN"]

1. e4 c5 2. Nc3 Nc6 3. g3 Nf6 4. Bg2 e6 5. f4 d5 6. e5 d4 7. exf6 dxc3 8. fxg7 cxd2+ 9. Qxd2 Qxd2+ 10. Bxd2 Bxg7 11. Bxc6+ bxc6 12. O-O-O Rb8 13. c3 a5 14. Nf3 Ba6 15. Rhe1 a4 16. Ne5 Bxe5 17. Rxe5 c4 18. Be3 O-O 19. Bc5 f6 20. Rxe6 Rf7 21. Rdd6 Rb5 22. Ba3 Bb7 23. Rxf6 Rxf6 24. Rxf6 Rd5 25. Rf8+ Kg7 26. Rb8 Rd7 27. Bc5 Ba6 28. g4 Rd5 29. Bd4+ Kf7 30. Rh8 c5 31. Be5 Rd3 32. Rxh7+ Kg6 33. Rg7+ Kh6 34. Rc7 Rd5 35. Rc6+ 1-0

[Event "Manitoba Tournament of Champions"]
[Site "Winnipeg CAN"]
[Date "2012.11.06"]
[Round "1"]
[White "Boron, Anthony"]
[Black "Lipnowski, Samuel"]
[Result "1/2-1/2"]
[WhiteElo "1945"]
[BlackElo "2196"]
[PlyCount "62"]
[GameId "2160767909411515"]
[EventDate "2012.11.06"]
[EventType "swiss"]
[EventRounds "5"]
[EventCountry "CAN"]
[SourceTitle "EXT 2019"]
[Source "ChessBase"]
[SourceDate "2018.10.10"]
[SourceVersion "1"]
[SourceVersionDate "2018.10.10"]
[SourceQuality "1"]

1. d4 d5 2. c4 e6 3. Nc3 Be7 4. Nf3 Nf6 5. Bg5 h6 6. Bxf6 Bxf6 7. e3 O-O 8. Qc2 c6 9. Be2 Nd7 10. O-O dxc4 11. Bxc4 e5 12. Ne4 exd4 13. Nxf6+ Qxf6 14. Nxd4 Ne5 15. Be2 Ng6 16. Rac1 Nh4 17. Qe4 Qg5 18. g3 Ng6 19. h4 Qf6 20. h5 Qe5 21. Qxe5 Nxe5 22. Kg2 Bd7 23. Rfd1 Rad8 24. Nb3 Bg4 25. Bxg4 Nxg4 26. Nc5 b6 27. Nd3 Rd6 28. Nf4 Rfd8 29. Rxd6 Rxd6 30. Rc2 c5 31. Kf3 Ne5+ 1/2-1/2

[Event "Manitoba Tournament of Champions"]
[Site "Winnipeg CAN"]
[Date "2012.11.06"]
[Round "1"]
[White "Cleto, Sam"]
[Black "Moncal, Nilo"]
[Result "0-1"]
[WhiteElo "1856"]
[BlackElo "2181"]
[PlyCount "66"]
[GameId "2160767909411516"]
[EventDate "2012.11.06"]
[EventType "swiss"]
[EventRounds "5"]
[EventCountry "CAN"]

1. Nf3 d5 2. d4 Nf6 3. c4 a6 4. Nc3 e6 5. Bg5 Be7 6. e3 O-O 7. Bd3 Nbd7 8. O-O dxc4 9. Bxc4 b5 10. Bd3 Bb7 11. Nd2 c5 12. f3 cxd4 13. exd4 Nb6 14. Ne2 Nfd5 15. Bxe7 Qxe7 16. Qb1 h6 17. Ne4 Rad8 18. Nc5 Bc8 19. Rf2 e5 20. b4 exd4 21. Nxd4 Qf6 22. Ne2 Nxb4 23. Bh7+ Kh8 24. Ne4 Qe7 25. Nf4 N4d5 26. Nh5 f5 27. Re2 fxe4 28. Rxe4 Qc5+ 29. Kh1 Nc3 30. Qb2 Kxh7 31. Nxg7 Nxe4 32. Rc1 Qxc1+ 33. Qxc1 Rd1+ 0-1

[Event "Manitoba Tournament of Champions"]
[Site "Winnipeg CAN"]
[Date "2012.11.06"]
[Round "1"]
[White "Dawa, Arvin"]
[Black "Baron, Cody"]
[Result "1-0"]
[WhiteElo "2173"]
[BlackElo "1826"]
[PlyCount "61"]
[GameId "2160767909411517"]
[EventDate "2012.11.06"]
[EventType "swiss"]
[EventRounds "5"]
[EventCountry "CAN"]

1. d4 Nf6 2. Nf3 d5 3. Bg5 Bf5 4. Bxf6 exf6 5. e3 Nd7 6. c4 c6 7. cxd5 cxd5 8. Qb3 Rc8 9. Nc3 Qa5 10. Qxd5 Bb4 11. Qxa5 Bxa5 12. Rc1 O-O 13. Be2 Nb6 14. a3 Na4 15. O-O Bxc3 16. bxc3 Nxc3 17. Bd1 Bd3 18. Re1 Ne2+ 19. Bxe2 Rxc1 20. Rxc1 Bxe2 21. Rc7 Ba6 22. Nd2 Ra8 23. Ne4 h6 24. Nc5 Rb8 25. h4 Be2 26. Nxb7 a6 27. d5 Bg4 28. d6 Bc8 29. Nc5 Bf5 30. e4 Rb1+ 31. Kh2 1-0

[Event "Manitoba Tournament of Champions"]
[Site "Winnipeg CAN"]
[Date "2012.11.06"]
[Round "1"]
[White "Gentes, Kevin"]
[Black "Kaptsan, Aron"]
[Result "1-0"]
[WhiteElo "2268"]
[BlackElo "2019"]
[PlyCount "45"]
[GameId "2160767909411518"]
[EventDate "2012.11.06"]
[EventType "swiss"]
[EventRounds "5"]
[EventCountry "CAN"]
[SourceTitle "EXT 2019"]
[Source "ChessBase"]
[SourceDate "2018.10.10"]
[SourceVersion "1"]
[SourceVersionDate "2018.10.10"]
[SourceQuality "1"]

1. d4 Nf6 2. c4 e6 3. Nc3 d5 4. Bg5 a6 5. cxd5 exd5 6. Bxf6 gxf6 7. e3 c6 8. Bd3 h5 9. Nge2 h4 10. Nf4 Be7 11. Qf3 Nd7 12. O-O Nf8 13. e4 dxe4 14. Bxe4 f5 15. Bc2 Qxd4 16. Rad1 Qf6 17. Nfd5 cxd5 18. Nxd5 Qc6 19. Ba4 b5 20. Rc1 Qb7 21. Rc7 bxa4 22. Rxb7 Bxb7 23. Nc7+ 1-0

[Event "Manitoba Tournament of Champions"]
[Site "Winnipeg CAN"]
[Date "2012.11.06"]
[Round "1"]
[White "Platt, Alex"]
[Black "Melamedoff, Gustavo"]
[Result "0-1"]
[WhiteElo "1820"]
[BlackElo "2069"]
[PlyCount "74"]
[GameId "2160767909411520"]
[EventDate "2012.11.06"]
[EventType "swiss"]
[EventRounds "5"]
[EventCountry "CAN"]

1. e4 c5 2. Nf3 e6 3. d4 cxd4 4. Nxd4 a6 5. Nc3 Qc7 6. Bd3 Nc6 7. Nxc6 Qxc6 8. O-O d6 9. Be3 Nf6 10. a4 Be7 11. f4 Bd7 12. Qf3 Rc8 13. Ne2 e5 14. f5 d5 15. exd5 Qxd5 16. Nc3 Qxf3 17. gxf3 Bc6 18. Ne4 Nd5 19. Bd2 f6 20. f4 exf4 21. Bxf4 Nxf4 22. Rxf4 O-O 23. b3 Rfe8 24. Kf1 Rcd8 25. Re1 Bd5 26. Rf3 Bb4 27. Re2 Re5 28. Bc4 Bxc4 29. bxc4 Rd4 30. Rfe3 Rxf5+ 31. Kg2 Rxc4 32. Ng3 Rg5 33. Re4 Rxe4 34. Rxe4 Bd6 35. Kf3 Bxg3 36. hxg3 Kf7 37. Rb4 b5 0-1

[Event "Manitoba Tournament of Champions"]
[Site "Winnipeg CAN"]
[Date "2012.11.13"]
[Round "2"]
[White "Baron, Cody"]
[Black "Cleto, Sam"]
[Result "0-1"]
[WhiteElo "1826"]
[BlackElo "1856"]
[PlyCount "56"]
[GameId "2160767909411521"]
[EventDate "2012.11.06"]
[EventType "swiss"]
[EventRounds "5"]
[EventCountry "CAN"]

1. d4 Nf6 2. c4 e6 3. Nc3 Bb4 4. Qc2 O-O 5. Bg5 c6 6. Nf3 h6 7. Bh4 b5 8. e3 a6 9. Bd3 Be7 10. O-O d6 11. Nd2 Nbd7 12. Rae1 Bb7 13. f3 Rc8 14. e4 Qc7 15. Bf2 Nh5 16. b3 Nf4 17. Ne2 Nxd3 18. Qxd3 Qa5 19. Ra1 c5 20. Qc3 Qd8 21. Rac1 Bg5 22. f4 cxd4 23. Bxd4 Bf6 24. Ng3 b4 25. Qe3 e5 26. Ba1 exf4 27. Bxf6 fxe3 28. Bxd8 exd2 0-1

[Event "Manitoba Tournament of Champions"]
[Site "Winnipeg CAN"]
[Date "2012.11.13"]
[Round "2"]
[White "Kaptsan, Aron"]
[Black "Boron, Anthony"]
[Result "1/2-1/2"]
[WhiteElo "2019"]
[BlackElo "1945"]
[PlyCount "120"]
[GameId "2160767909411523"]
[EventDate "2012.11.06"]
[EventType "swiss"]
[EventRounds "5"]
[EventCountry "CAN"]
[SourceTitle "EXT 2019"]
[Source "ChessBase"]
[SourceDate "2018.10.10"]
[SourceVersion "1"]
[SourceVersionDate "2018.10.10"]
[SourceQuality "1"]

1. d4 Nf6 2. c4 e6 3. Nc3 Bb4 4. a3 Bxc3+ 5. bxc3 b6 6. e3 Nc6 7. Bd3 Bb7 8. Ne2 Na5 9. O-O O-O 10. Ng3 Ba6 11. e4 Bxc4 12. e5 Ne8 13. Bxc4 Nxc4 14. Qg4 f5 15. Qh5 Qe7 16. f4 c6 17. Ne2 Nc7 18. Kh1 Nd5 19. Qh3 Rf7 20. Rg1 g6 21. g4 Raf8 22. g5 Rb8 23. a4 Rb7 24. Qd3 b5 25. Ra2 Rf8 26. Ng3 Rfb8 27. h4 a6 28. h5 c5 29. Rh2 Ncb6 30. axb5 c4 31. Qf3 axb5 32. hxg6 hxg6 33. Kg2 Na4 34. Rh6 Qg7 35. Rgh1 Naxc3 36. Nh5 Qxh6 37. gxh6 Ra8 38. h7+ Kh8 39. Nf6 Ra2+ 40. Kh3 Rc2 41. Qg3 Ne2 42. Qg5 d6 43. Kh4 Nxd4 44. Qxg6 Nf3+ 45. Kh3 Nxf6 46. Qxf6+ Rg7 47. exd6 Rcg2 48. Qxg7+ Rxg7 49. Bb2 e5 50. fxe5 Ng5+ 51. Kg2 Ne6+ 52. Kf3 b4 53. Rc1 c3 54. Bxc3 bxc3 55. Rxc3 Kxh7 56. Rc8 Rg4 57. Re8 Rf4+ 58. Kg3 Rg4+ 59. Kf2 Rf4+ 60. Kg3 Rg4+ 1/2-1/2

[Event "Manitoba Tournament of Champions"]
[Site "Winnipeg CAN"]
[Date "2012.11.13"]
[Round "2"]
[White "Lipnowski, Samuel"]
[Black "Mundwiler, Les"]
[Result "1-0"]
[WhiteElo "2222"]
[BlackElo "2056"]
[PlyCount "87"]
[GameId "2160767909411524"]
[EventDate "2012.11.06"]
[EventType "swiss"]
[EventRounds "5"]
[EventCountry "CAN"]

1. e4 e5 2. Nf3 Nc6 3. Bb5 Nd4 4. Nxd4 exd4 5. O-O c6 6. Bc4 Nf6 7. e5 d5 8. Be2 Ne4 9. d3 Nc5 10. c3 dxc3 11. Nxc3 Be7 12. d4 Ne6 13. Be3 O-O 14. f4 f5 15. g4 g5 16. gxf5 Nxf4 17. Bxf4 gxf4 18. f6 Bxf6 19. exf6 Qxf6 20. Kh1 Kh8 21. Bf3 Bh3 22. Rg1 Rae8 23. Qd2 Re3 24. Bg4 Bxg4 25. Rxg4 Qe6 26. Rag1 f3 27. Qf2 b5 28. Rg7 Qh6 29. Qg3 Ree8 30. Qg5 Qxg5 31. R7xg5 b4 32. Nd1 f2 33. Rf1 Re1 34. Kg2 Re2 35. Rxf2 Rfxf2+ 36. Nxf2 Rxb2 37. Kg3 Rxa2 38. Ng4 Ra1 39. Kg2 Ra2+ 40. Kh3 Ra3+ 41. Kg2 Ra2+ 42. Kf3 h6 43. Rg6 Ra1 44. Nf6 1-0

[Event "Manitoba Tournament of Champions"]
[Site "Winnipeg CAN"]
[Date "2012.11.13"]
[Round "2"]
[White "Melamedoff, Gustavo"]
[Black "Babb, Jeff"]
[Result "0-1"]
[WhiteElo "2021"]
[BlackElo "2144"]
[PlyCount "70"]
[GameId "2160767909411525"]
[EventDate "2012.11.06"]
[EventType "swiss"]
[EventRounds "5"]
[EventCountry "CAN"]
[SourceTitle "EXT 2019"]
[Source "ChessBase"]
[SourceDate "2018.10.10"]
[SourceVersion "1"]
[SourceVersionDate "2018.10.10"]
[SourceQuality "1"]

1. e4 e5 2. Nf3 Nc6 3. Bb5 a6 4. Ba4 Nf6 5. d3 d6 6. O-O Be7 7. c3 O-O 8. h3 Bd7 9. Bc2 d5 10. Be3 h6 11. Nbd2 dxe4 12. dxe4 Be6 13. Qe2 Nd7 14. Rad1 Qe8 15. Rfe1 b5 16. b3 Na5 17. Nxe5 Nxe5 18. f4 Nec6 19. f5 Bc8 20. Nf3 f6 21. Bf4 Ne5 22. Nxe5 Bc5+ 23. Kh1 fxe5 24. Bd2 Nc6 25. Qg4 Rf6 26. b4 Bb6 27. Bb3+ Kh7 28. Qh4 Bb7 29. Bg5 Bf2 30. Qxf2 hxg5 31. Qe3 Rd8 32. Qxg5 Rxd1 33. Rxd1 Ne7 34. Be6 Bc6 35. Rd3 Rh6 0-1

[Event "Manitoba Tournament of Champions"]
[Site "Winnipeg CAN"]
[Date "2012.11.13"]
[Round "2"]
[White "Moncal, Nilo"]
[Black "Gentes, Kevin"]
[Result "0-1"]
[WhiteElo "2181"]
[BlackElo "2263"]
[PlyCount "135"]
[GameId "2160767909411526"]
[EventDate "2012.11.06"]
[EventType "swiss"]
[EventRounds "5"]
[EventCountry "CAN"]

1. e4 c5 2. Nf3 d6 3. d4 cxd4 4. Nxd4 Nf6 5. Nc3 a6 6. Be3 e6 7. f3 b5 8. Qd2 Bb7 9. O-O-O Nbd7 10. g4 h6 11. h4 b4 12. Nce2 d5 13. exd5 Nxd5 14. Bf2 Bd6 15. Kb1 Ne5 16. Ng3 Rc8 17. Ne4 Be7 18. Be2 Nc4 19. Bxc4 Rxc4 20. f4 Qd7 21. Rhe1 Rc8 22. g5 hxg5 23. fxg5 e5 24. Nb3 Qb5 25. Bg3 Rd8 26. Qf2 O-O 27. Bxe5 f6 28. gxf6 Nxf6 29. Rxd8 Bxd8 30. Nd6 Qd5 31. Nxb7 Qxb7 32. Qe3 a5 33. h5 Qf7 34. Bxf6 Qxf6 35. Nc1 Qf7 36. Nd3 Bc7 37. Qg5 Kh8 38. Qg6 Kg8 39. Rg1 Qxg6 40. hxg6 Rf6 41. a3 bxa3 42. bxa3 Bb6 43. Rg4 Kf8 44. Ka2 Ke7 45. Kb3 Rf5 46. Kc4 Kf6 47. Nf4 Rc5+ 48. Kd3 Kf5 49. Rh4 Kg5 50. Rh7 Kxf4 51. Rxg7 Rc6 52. Rf7+ Ke5 53. g7 Rg6 54. Kc4 Be3 55. Kb5 Bh6 56. Kxa5 Rxg7 57. Rf1 Ra7+ 58. Kb5 Rxa3 59. c4 Bf4 60. Rh1 Rb3+ 61. Ka4 Rb8 62. Rd1 Bg3 63. Re1+ Kd6 64. Rh1 Kc5 65. Rc1 Rb4+ 66. Ka5 Rb3 67. Ka6 Kc6 68. Ka5 0-1

[Event "Manitoba Tournament of Champions"]
[Site "Winnipeg CAN"]
[Date "2012.11.13"]
[Round "2"]
[White "Wasserman, Leor"]
[Black "Platt, Alex"]
[Result "0-1"]
[WhiteElo "1970"]
[BlackElo "1820"]
[PlyCount "78"]
[GameId "2160767909411527"]
[EventDate "2012.11.06"]
[EventType "swiss"]
[EventRounds "5"]
[EventCountry "CAN"]

1. e4 e6 2. d4 d5 3. exd5 exd5 4. c4 Nf6 5. Nc3 Be7 6. Bd3 dxc4 7. Bxc4 O-O 8. Nge2 Nbd7 9. O-O Nb6 10. Bb3 Bg4 11. f3 Bd7 12. Ng3 a5 13. f4 Bg4 14. Qd3 c5 15. Be3 a4 16. Bc2 c4 17. Qd2 a3 18. bxa3 Bc8 19. f5 Nbd5 20. Nxd5 Nxd5 21. Nh5 Rxa3 22. Bf4 Nxf4 23. Qxf4 Bg5 24. Qg4 g6 25. Ng3 Be3+ 26. Kh1 Qxd4 27. Ne4 Bxf5 28. Nf6+ Qxf6 29. Bxf5 h5 30. Qg3 Bc5 31. Bd3 Qd4 32. Rae1 Rxd3 33. Qg5 Re3 34. Rd1 Qe5 35. Qh6 Re8 36. Rd7 Bf8 37. Qxe3 Qxe3 38. Rdxf7 c3 39. R7f6 Qd3 0-1

[Event "Manitoba Tournament of Champions"]
[Site "Winnipeg CAN"]
[Date "2012.11.20"]
[Round "3"]
[White "Babb, Jeff"]
[Black "Lipnowski, Samuel"]
[Result "1/2-1/2"]
[WhiteElo "2144"]
[BlackElo "2196"]
[PlyCount "48"]
[GameId "2160767909411528"]
[EventDate "2012.11.06"]
[EventType "swiss"]
[EventRounds "5"]
[EventCountry "CAN"]
[SourceTitle "EXT 2019"]
[Source "ChessBase"]
[SourceDate "2018.10.10"]
[SourceVersion "1"]
[SourceVersionDate "2018.10.10"]
[SourceQuality "1"]

1. f4 d5 2. e3 g6 3. Nf3 Bg7 4. Be2 Nh6 5. d3 Nf5 6. c3 O-O 7. O-O c6 8. Na3 Qb6 9. Nc2 Nd7 10. Kh1 e5 11. e4 dxe4 12. dxe4 Nh6 13. Nxe5 Nxe5 14. fxe5 Rd8 15. Qe1 Ng4 16. Qh4 Nxe5 17. Be3 Qc7 18. Bg5 Re8 19. Ne3 Be6 20. Bf6 Bxf6 21. Qxf6 Nd7 22. Qh4 Qd8 23. Qf4 Qb8 24. Qh4 Qd8 1/2-1/2

[Event "Manitoba Tournament of Champions"]
[Site "Winnipeg CAN"]
[Date "2012.11.20"]
[Round "3"]
[White "Boron, Anthony"]
[Black "Moncal, Nilo"]
[Result "0-1"]
[WhiteElo "1989"]
[BlackElo "2181"]
[PlyCount "80"]
[GameId "2160767909411529"]
[EventDate "2012.11.06"]
[EventType "swiss"]
[EventRounds "5"]
[EventCountry "CAN"]

1. d4 d5 2. Nf3 Nc6 3. Bf4 Bf5 4. c3 Nf6 5. Qb3 Rb8 6. e3 a6 7. Nbd2 e6 8. Ne5 Nxe5 9. Bxe5 Be7 10. Nf3 O-O 11. Be2 Ne4 12. h3 Bd6 13. O-O Bxe5 14. Nxe5 Nd2 15. Qa4 Nxf1 16. Bxf1 c6 17. g4 Be4 18. Qd1 f6 19. Nd3 Bxd3 20. Bxd3 e5 21. c4 e4 22. Be2 f5 23. Qb3 f4 24. Rc1 fxe3 25. Qxe3 Kh8 26. b3 Qf6 27. cxd5 cxd5 28. Rc5 Rbd8 29. b4 h6 30. b5 axb5 31. Rxb5 b6 32. Bd1 Qc6 33. Be2 Rd6 34. Rb2 Rdf6 35. Bd1 Rc8 36. g5 Rg6 37. h4 Qc1 38. Qe2 hxg5 39. h5 Rf6 40. Kg2 Rcf8 0-1

[Event "Manitoba Tournament of Champions"]
[Site "Winnipeg CAN"]
[Date "2012.11.20"]
[Round "3"]
[White "Cleto, Sam"]
[Black "Melamedoff, Gustavo"]
[Result "1-0"]
[WhiteElo "1856"]
[BlackElo "2069"]
[PlyCount "101"]
[GameId "2160767909411530"]
[EventDate "2012.11.06"]
[EventType "swiss"]
[EventRounds "5"]
[EventCountry "CAN"]

1. d4 d5 2. c4 e6 3. Nc3 Nf6 4. Nf3 c6 5. Bg5 Nbd7 6. e3 Qa5 7. Qa4 Qxa4 8. Nxa4 dxc4 9. Nc3 b5 10. a3 Nd5 11. Be2 Be7 12. e4 Nxc3 13. bxc3 Bxg5 14. Nxg5 h6 15. Nf3 O-O 16. O-O Bb7 17. Rfb1 a6 18. Bxc4 Nb6 19. Bb3 c5 20. Bc2 cxd4 21. cxd4 Rac8 22. Bd3 Rc3 23. Rd1 Na4 24. Rd2 Rfc8 25. Ne1 Rc1 26. Rxc1 Rxc1 27. Kf1 Rc3 28. Rc2 Rxc2 29. Nxc2 Kf8 30. Ke1 Ke7 31. f3 Kd6 32. Kd2 Kc7 33. g4 Kb6 34. h4 Nb2 35. Be2 a5 36. h5 Bc8 37. f4 Bb7 38. Kc3 Na4+ 39. Kd3 Ba6 40. Ke3 Nc3 41. Bf3 Nb1 42. g5 a4 43. g6 fxg6 44. hxg6 Nxa3 45. Nxa3 b4 46. Nc2 Ka5 47. f5 exf5 48. exf5 b3 49. Na3 Kb4 50. f6 Kxa3 51. f7 1-0

[Event "Manitoba Tournament of Champions"]
[Site "Winnipeg CAN"]
[Date "2012.11.20"]
[Round "3"]
[White "Dawa, Arvin"]
[Black "Platt, Alex"]
[Result "1-0"]
[WhiteElo "2173"]
[BlackElo "1820"]
[PlyCount "86"]
[GameId "2160767909411531"]
[EventDate "2012.11.06"]
[EventType "swiss"]
[EventRounds "5"]
[EventCountry "CAN"]

1. d4 Nf6 2. Nf3 e6 3. Bg5 d5 4. Nbd2 Be7 5. e3 O-O 6. Bd3 h6 7. Bh4 Nbd7 8. O-O c5 9. c3 b6 10. Ne5 Nxe5 11. dxe5 Nd7 12. Bxe7 Qxe7 13. f4 Bb7 14. Qh5 f5 15. exf6 Nxf6 16. Qh4 e5 17. fxe5 Qxe5 18. Rae1 Ne4 19. Bxe4 dxe4 20. Rf4 Rae8 21. Ref1 Rxf4 22. Qxf4 Qe7 23. h4 Ba6 24. Rf2 Bd3 25. Kh2 Rd8 26. g3 Rd6 27. Kg2 h5 28. a3 Rf6 29. Qb8+ Kh7 30. Rf4 a5 31. Rxf6 Qxf6 32. Qc8 Be2 33. Qc7 Bf3+ 34. Kf2 Bh1+ 35. Qf4 Qxf4+ 36. gxf4 Kg6 37. Nc4 Kf5 38. Kg3 b5 39. Nxa5 Bf3 40. Nb7 Bd1 41. Nxc5 Bc2 42. Nd7 Bb3 43. Ne5 Kf6 1-0

[Event "Manitoba Tournament of Champions"]
[Site "Winnipeg CAN"]
[Date "2012.11.20"]
[Round "3"]
[White "Gentes, Kevin"]
[Black "Johnson, Frank B"]
[Result "1/2-1/2"]
[WhiteElo "2268"]
[BlackElo "2155"]
[PlyCount "95"]
[GameId "2160767909411532"]
[EventDate "2012.11.06"]
[EventType "swiss"]
[EventRounds "5"]
[EventCountry "CAN"]
[SourceTitle "EXT 2019"]
[Source "ChessBase"]
[SourceDate "2018.10.10"]
[SourceVersion "1"]
[SourceVersionDate "2018.10.10"]
[SourceQuality "1"]

1. d4 d5 2. c4 c6 3. Nf3 Nf6 4. Nc3 a6 5. Qd3 g6 6. e3 b5 7. cxd5 cxd5 8. Ne5 Qd6 9. Qd1 Bg7 10. Bd3 Nfd7 11. f4 f6 12. Ng4 Nb6 13. O-O b4 14. Nb1 O-O 15. Nd2 Nc6 16. Nb3 e5 17. fxe5 fxe5 18. Rxf8+ Qxf8 19. Nxe5 Nxe5 20. dxe5 Bxe5 21. Be2 Qd6 22. h3 Ra7 23. Bf3 Rf7 24. Nd4 Bxh3 25. Qe2 Bd7 26. Bd2 Nc4 27. Be1 Re7 28. Bxb4 Qxb4 29. Bxd5+ Kg7 30. Qxc4 Qxb2 31. Rd1 Qb6 32. Qb3 Qa5 33. Nf3 Bf6 34. Rc1 Ba4 35. Qd3 Bb5 36. Qb3 Qb6 37. Kf2 Qd6 38. e4 Qf4 39. Rd1 Be5 40. Kg1 Be2 41. Re1 Bxf3 42. Qxf3 Qh2+ 43. Kf2 Bd4+ 44. Ke2 Rc7 45. Rd1 Be5 46. Bb3 Qh4 47. Rd2 Qe7 48. Rc2 1/2-1/2